logo

Bir Sreshtho Munshi Abdur Rouf Library
Jhenaidah Cadet College

The answer : (Record no. 5188)

MARC details
000 -LEADER
fixed length control field 01855cam a2200349 a 4500
001 - CONTROL NUMBER
JCCL Control Number 5188
003 - CONTROL NUMBER IDENTIFIER
JCCL marc code BD-JhCC
005 - DATE AND TIME OF LATEST TRANSACTION
control field 20200205134007.0
008 - FIXED-LENGTH DATA ELEMENTS--GENERAL INFORMATION
fixed length control field 080313s2008 nyu b 000 0 eng
020 ## - INTERNATIONAL STANDARD BOOK NUMBER
International Standard Book Number 9781416561996
020 ## - INTERNATIONAL STANDARD BOOK NUMBER
International Standard Book Number 1416561994
035 ## - SYSTEM CONTROL NUMBER
system control number (BD-JhCC)
040 ## - CATALOGING SOURCE
Original cataloging agency DLC
Transcribing agency DLC
Modifying agency DLC
041 ## - LANGUAGE CODE
Language code of Book eng
050 00 - LIBRARY OF CONGRESS CALL NUMBER
Classification number HF5386
Item number .A795 2008
082 00 - DEWEY DECIMAL CLASSIFICATION NUMBER
Classification number 658.4/09
DDC Edition number 22
Author mark and Year ASS 2008
100 1# - MAIN ENTRY--PERSONAL NAME
Personal name Assaraf, John.
245 14 - TITLE STATEMENT
Title The answer :
Remainder of title grow any business, achieve financial freedom, and live an extraordinary life /
Statement of responsibility, etc John Assaraf and Murray Smith.
250 ## - EDITION STATEMENT
Edition statement 1st. hardcover ed.
260 ## - PUBLICATION, DISTRIBUTION, ETC. (IMPRINT)
Place of publication, distribution, etc New York :
Name of publisher, distributor, etc Atria Books,
Date of publication, distribution, etc 2008.
300 ## - PHYSICAL DESCRIPTION
Pagination xiii, 305 p. ;
Dimensions 24 cm.
504 ## - BIBLIOGRAPHY, ETC. NOTE
Bibliography, etc Includes bibliographical references (p. [303]-305).
505 0# - FORMATTED CONTENTS NOTE
Formatted contents note Introduction: the question -- Inside the box: John's story -- The search for how the world works -- The law of attraction -- The universe inside your brain -- How to change your mind -- Your dream business -- The neural reconditioning process -- Neural reconditioning FAQs -- The important things: Murray's story -- Vision, focus, action -- Your ideal customer -- Innovating your business -- Finding your business's DNA -- Reaching your ideal customer -- Innovatiing your business -- Finding your business's DNA -- Reaching your ideal customer -- Big thinking.
650 #0 - SUBJECT ADDED ENTRY--TOPICAL TERM
Topical term or geographic name as entry element Success in business.
700 1# - ADDED ENTRY--PERSONAL NAME
Personal name Smith, Murray.
856 42 - ELECTRONIC LOCATION AND ACCESS
Materials specified Publisher description
Uniform Resource Identifier http://www.loc.gov/catdir/enhancements/fy0826/2008011886-d.html
856 41 - ELECTRONIC LOCATION AND ACCESS
Materials specified Sample text
Uniform Resource Identifier http://www.loc.gov/catdir/enhancements/fy0829/2008011886-s.html
856 41 - ELECTRONIC LOCATION AND ACCESS
Materials specified Table of contents only
Uniform Resource Identifier http://www.loc.gov/catdir/enhancements/fy0829/2008011886-t.html
856 42 - ELECTRONIC LOCATION AND ACCESS
Materials specified Contributor biographical information
Uniform Resource Identifier http://www.loc.gov/catdir/enhancements/fy0901/2008011886-b.html
942 ## - ADDED ENTRY ELEMENTS (KOHA)
Source of classification or shelving scheme Dewey Decimal Classification
Koha item type Books
Koha issues (borrowed), all copies 4
Holdings
Source of classification or shelving scheme Damaged status Not for loan Home library Current library Shelving location Date of accession Total Checkouts Full call number Barcode Date last seen Date checked out Copy number Koha item type
Dewey Decimal Classification     JCC Rouf Library JCC Rouf Library General Stacks 12/10/2017 2 658.4/09 ASS 2008 7085 02/11/2020 02/04/2020 C-1 Books

JCC Library | Contacts | JCC Home

Last Update on 23 September 2017
Copyright @ 2017-2020 JCC Rouf Library
Rouf Library, Jhenidah Cadet College (JCC), Bangladesh